Applied numerical analysis / (Record no. 194723)

000 -LEADER
fixed length control field 01205 a2200217 4500
003 - CONTROL NUMBER IDENTIFIER
control field Nust
005 - DATE AND TIME OF LATEST TRANSACTION
control field 20221124122716.0
010 ## - LIBRARY OF CONGRESS CONTROL NUMBER
LC control number 93001996
020 ## - INTERNATIONAL STANDARD BOOK NUMBER
International Standard Book Number 0201565536
040 ## - CATALOGING SOURCE
Transcribing agency Nust
082 00 - DEWEY DECIMAL CLASSIFICATION NUMBER
Classification number 519.4,GER
100 1# - MAIN ENTRY--PERSONAL NAME
Personal name Gerald, Curtis F.,
9 (RLIN) 104
245 10 - TITLE STATEMENT
Title Applied numerical analysis /
Statement of responsibility, etc. Curtis F. Gerald, Patrick O. Wheatley.
250 ## - EDITION STATEMENT
Edition statement 6th ed.
260 ## - PUBLICATION, DISTRIBUTION, ETC.
Place of publication, distribution, etc. Reading, Mass. :
Name of publisher, distributor, etc. Addison-Wesley Pub. Co.,
Date of publication, distribution, etc. c1994.
300 ## - PHYSICAL DESCRIPTION
Extent 1 v. (various pagings) :
Other physical details ill. (some col.) ;
Dimensions 25 cm.
505 ## - FORMATTED CONTENTS NOTE
Formatted contents note Numerical Computing and Computers (Page-1), Solving Nonlinear Equations (Page-29), Solving Sets of Equations (Page-102), Interpolation and Curve Fitting (Page-210), Numerical Differentiation and Numerical Integration (Page-308), Numerical Solution of Ordinary Differential Equations (Page-393), Boundary Value Problems and Characteristic Value Problems (Page-467), Numerical Solution of Partial Differential Equations (Page-542), Parabolic Partial Differential Equations (Page-616), Hyperbolic Partial-Differential Equations (Page-663), Approximation of Functions (Page-696).
650 #0 - SUBJECT ADDED ENTRY--TOPICAL TERM
Topical term or geographic name entry element Numerical analysis.
9 (RLIN) 103
700 1# - ADDED ENTRY--PERSONAL NAME
Personal name Wheatley, Patrick O.
9 (RLIN) 103479
942 ## - ADDED ENTRY ELEMENTS (KOHA)
Source of classification or shelving scheme
Koha item type Book
Call number prefix 519.4,GER
Holdings
Withdrawn status Lost status Source of classification or shelving scheme Damaged status Not for loan Permanent Location Current Location Shelving location Date acquired Full call number Barcode Date last seen Price effective from Koha item type Public note
          Military College of Signals (MCS) Military College of Signals (MCS) General Stacks 12/12/2016 519.4,GER MCS31584 12/08/2016 12/12/2016 Book Almirah No. 14 Shelf No. 4
          Military College of Signals (MCS) Military College of Signals (MCS) General Stacks 12/12/2016 519.4,GER MCS36272 12/08/2016 12/12/2016 Book Almirah No. 14 Shelf No. 4
          Military College of Signals (MCS) Military College of Signals (MCS) General Stacks 07/07/2023 519.4,GER MCS31658 07/07/2023 07/07/2023 Book Almirah No.82, Shelf No.4
© 2023 Central Library, National University of Sciences and Technology. All Rights Reserved.